Language Quiz

Random Language or Spanish Quiz

Spanish Vocab- family members Quiz Stats

 Plays Quiz not verified by Sporcle

Score 0/35 Timer 04:00
0 Plays Today
8th grade Spanish vocab- family members % Correct
el padredad
63.3%
la abuelagrandmother
60%
la madremom
56.7%
el abuelograndfather
53.3%
el tiouncle
53.3%
los abuelosgrandparents
53.3%
familyla familia
50%
la hijadaughter
46.7%
el bisabuelogreat grandfather
46.7%
los padresparents
46.7%
la bisabuelagreat grandmother
46.7%
la primafemale cousin
43.3%
el esposo/el maridohusband
40%
brotherel hermano
40%
sonel hijo
40%
auntla tia
40%
los hijoschildren
40%
sisterla hermana
36.7%
8th grade Spanish vocab- family members % Correct
siblingslos hermanos
36.7%
el primomale cousin
36.7%
el sobrinonephew
33.3%
cousins combinedlos primos
33.3%
los bisabuelosgreat grandparents
30%
wife/female spousela esposa
30%
la suegramother in law
23.3%
el nieto grandson
23.3%
granddaughterla nieta
23.3%
el suegrofather in law
23.3%
grandchildrenlos nietos
23.3%
la cunadasister in law
20%
el cunadobrother in law
20%
neicela sobrina
20%
relativeslos parientes
13.3%
los tiosaunts and uncles (combined)
10%
los sobrinosnephews and nieces
10%

You're not logged in!

Compare scores with friends on all Sporcle quizzes.
OR
Log In

Show Comments

Extras

Created Mar 6, 2014ReportNominate
Tags:Spanish Quiz, 8th, family, grade

Top Quizzes Today


Score Distribution

Your Account Isn't Verified!

In order to create a playlist on Sporcle, you need to verify the email address you used during registration. Go to your Sporcle Settings to finish the process.

Report this User

Report this user for behavior that violates our Community Guidelines.

Details: